[Event "Mittelrhein Verbandsliga Nord 1920"]
[Site "Mittelrhein"]
[Date "2019.10.27"]
[Round "2.5"]
[White "Pericic, Boris"]
[Black "Kiehn, Andreas"]
[Result "0-1"]
[WhiteElo "1905"]
[BlackElo "1810"]
[PlyCount "132"]
[EventDate "2019.09.29"]
[EventType "team-tourn"]
[EventRounds "9"]
[EventCountry "GER"]
[SourceTitle "EXT 2023"]
[Source "ChessBase"]
[SourceDate "2022.10.05"]
[SourceVersion "1"]
[SourceVersionDate "2022.10.05"]
[SourceQuality "1"]
[WhiteTeam "Klub Koelner SF III"]
[BlackTeam "Pulheim"]
[WhiteTeamCountry "GER"]
[BlackTeamCountry "GER"]

1. e4 c5 2. Nf3 d6 3. d4 cxd4 4. Nxd4 Nf6 5. Bd3 Nc6 6. Ne2 g6 7. c4 Bg7 8. Nbc3 0-0 9. 0-0 b6 10. f4 Bb7 11. Kh1 Rc8 12. Rb1 Nb4 13. b3 Qd7 14. Be3 e6 15. a3 Nxd3 16. Qxd3 Nxe4 17. Nxe4 Qc6 18. N2g3 d5 19. cxd5 exd5 20. f5 dxe4 21. Qe2 Rfd8 22. Rbc1 Qd5 23. f6 Rxc1 24. Bxc1 Bf8 25. b4 a5 26. bxa5 bxa5 27. Qg4 e3 28. Rg1 Qe5 29. Re1 h5 30. Qe2 h4 31. Nf1 h3 32. Nxe3 Bxg2+ 33. Nxg2 Qxe2 34. Rxe2 hxg2+ 35. Kxg2 Rd1 36. Bd2 Bxa3 37. Bxa5 Rd5 38. Re8+ Kh7 39. Bd8 g5 40. Kf3 Bd6 41. Ke4 Rb5 42. Be7 Rb8 43. Rxb8 Bxb8 44. Kf5 Kh6 45. Bf8+ Kh5 46. h3 Bf4 47. Bg7 Kh4 48. Bh6 Bc1 49. Ke5 Kh5 50. Bg7 Kg6 51. Kd6 Ba3+ 52. Kd7 Kf5 53. Ke8 Ke6 54. Bh8 Bb2 55. Bg7 Bxf6 56. Bh6 Be7 57. Bg7 f5 58. Bd4 f4 59. Bf2 f3 60. Bg3 Bd6 61. Bf2 Kf5 62. Kf7 Bf4 63. Kg7 Bd2 64. Kf7 Kf4 65. h4 g4 66. Kg6 g3 0-1

[Event "Mittelrhein Verbandsliga-W 18/19"]
[Site "Nordrheinwestfalen"]
[Date "2019.03.10"]
[Round "8.7"]
[White "Kiehn, Andreas"]
[Black "Otto, Friedhelm"]
[Result "1/2-1/2"]
[WhiteElo "1780"]
[BlackElo "1642"]
[PlyCount "40"]
[EventDate "2018.09.02"]
[EventType "team-tourn"]
[EventRounds "11"]
[EventCountry "GER"]
[SourceTitle "EXT 2022"]
[Source "ChessBase"]
[SourceDate "2021.10.06"]
[SourceVersion "1"]
[SourceVersionDate "2021.10.06"]
[SourceQuality "1"]
[WhiteTeam "Pulheim"]
[BlackTeam "Bergheim"]
[WhiteTeamCountry "GER"]
[BlackTeamCountry "GER"]

1. d4 d5 2. c4 dxc4 3. e4 e6 4. Bxc4 Nf6 5. Nc3 Nc6 6. Nge2 Bb4 7. f3 0-0 8. Bg5 Be7 9. Qd2 Nd7 10. h4 Nb6 11. Bb3 Na5 12. Bc2 f6 13. Bf4 e5 14. dxe5 Qxd2+ 15. Bxd2 fxe5 16. Nb5 Nac4 17. Nxc7 Rb8 18. Bb3 Kh8 19. Bc3 a6 20. Rc1 Bd6 1/2-1/2

[Event "Mittelrhein Verbandsliga-W 17/18"]
[Site "Nordrheinwestfalen"]
[Date "2017.12.03"]
[Round "5.6"]
[White "Kiehn, Andreas"]
[Black "Gruenich, Andreas"]
[Result "1-0"]
[WhiteElo "1737"]
[BlackElo "1866"]
[PlyCount "131"]
[EventDate "2017.09.10"]
[EventType "team-tourn"]
[EventRounds "11"]
[EventCountry "GER"]
[SourceTitle "EXT 2022"]
[Source "ChessBase"]
[SourceDate "2021.10.06"]
[SourceVersion "1"]
[SourceVersionDate "2021.10.06"]
[SourceQuality "1"]
[WhiteTeam "Pulheim"]
[BlackTeam "Lendersdorf"]
[WhiteTeamCountry "GER"]
[BlackTeamCountry "GER"]

1. d4 Nf6 2. c4 g6 3. Nc3 Bg7 4. e4 d6 5. Be2 0-0 6. Bg5 Nbd7 7. Qd2 Nb6 8. h3 Re8 9. Nf3 c6 10. 0-0 Qc7 11. Rac1 e5 12. dxe5 dxe5 13. c5 Nbd7 14. b4 Nf8 15. Rfd1 Ne6 16. Be3 Rd8 17. Qc2 Rxd1+ 18. Rxd1 Bd7 19. Nd2 Rd8 20. Nc4 Bc8 21. Nd6 a6 22. Na4 Nf8 23. Nxc8 Rxd1+ 24. Qxd1 Qxc8 25. Nb6 Qe8 26. f3 N6d7 27. Nc4 Qb8 28. Nd6 Qc7 29. Bc4 Ne6 30. Bxe6 fxe6 31. Qb3 Nf8 32. Qd3 Qd7 33. a4 Bf6 34. Qc3 Kg7 35. g4 h6 36. Bc1 Nh7 37. Kg2 Qe7 38. Nc4 Qc7 39. Bb2 Nf8 40. f4 Nd7 41. fxe5 Bg5 42. Nd6 Qb8 43. Qf3 Qf8 44. Qxf8+ Kxf8 45. Nxb7 Ke7 46. Bc3 Bh4 47. Na5 Nb8 48. Kf3 Kd7 49. Bd2 g5 50. Ke2 Bg3 51. Nc4 Ke7 52. Kd3 Nd7 53. Bc3 Bf2 54. Na5 Nb8 55. Bd4 Be1 56. Bc3 Bf2 57. Kc4 Kd7 58. Nb3 Bg3 59. Nd4 Bxe5 60. Nf3 Bf4 61. Bg7 Ke7 62. Bxh6 Kf6 63. h4 Nd7 64. Bxg5+ Bxg5 65. hxg5+ Kg6 66. b5 1-0

[Event "Mittelrhein Verbandsliga-W 17/18"]
[Site "Nordrheinwestfalen"]
[Date "2017.10.01"]
[Round "2.6"]
[White "Schmitt, Lars"]
[Black "Kiehn, Andreas"]
[Result "0-1"]
[WhiteElo "1796"]
[BlackElo "1737"]
[PlyCount "64"]
[EventDate "2017.09.10"]
[EventType "team-tourn"]
[EventRounds "11"]
[EventCountry "GER"]
[SourceTitle "EXT 2022"]
[Source "ChessBase"]
[SourceDate "2021.10.06"]
[SourceVersion "1"]
[SourceVersionDate "2021.10.06"]
[SourceQuality "1"]
[WhiteTeam "Herzogenrath"]
[BlackTeam "Pulheim"]
[WhiteTeamCountry "GER"]
[BlackTeamCountry "GER"]

1. d4 Nf6 2. c4 e6 3. Nc3 Bb4 4. e3 0-0 5. Nge2 d5 6. a3 Bd6 7. cxd5 exd5 8. Ng3 Re8 9. Bd3 c6 10. 0-0 Qc7 11. Qc2 h5 12. Re1 h4 13. Nf1 Nbd7 14. e4 dxe4 15. Bxe4 Nxe4 16. Rxe4 Rxe4 17. Qxe4 h3 18. Bg5 Nf8 19. Re1 Bd7 20. Qf3 Ne6 21. Be3 Re8 22. Ne4 hxg2 23. Qxg2 Be7 24. Nfg3 Nf4 25. Bxf4 Qxf4 26. Nh5 Qh6 27. Qf3 Qg6+ 28. Kh1 Bf5 29. Neg3 Bg4 30. Qf4 Bxh5 31. Rg1 Bd6 32. Nxh5 Qxh5 0-1

[Event "Mittelrhein Verbandsliga-W 16/17"]
[Site "Nordrheinwestfalen"]
[Date "2017.03.19"]
[Round "9.6"]
[White "Weyer, Hans Juergen"]
[Black "Kiehn, Andreas"]
[Result "1-0"]
[WhiteElo "1882"]
[BlackElo "1754"]
[PlyCount "79"]
[EventDate "2016.09.11"]
[EventType "team-tourn"]
[EventRounds "11"]
[EventCountry "GER"]
[SourceTitle "EXT 2022"]
[Source "ChessBase"]
[SourceDate "2021.10.06"]
[SourceVersion "1"]
[SourceVersionDate "2021.10.06"]
[SourceQuality "1"]
[WhiteTeam "Herzogenrath"]
[BlackTeam "Pulheim"]
[WhiteTeamCountry "GER"]
[BlackTeamCountry "GER"]

1. e4 c5 2. Nf3 d6 3. d4 cxd4 4. Nxd4 Nf6 5. Nc3 Nc6 6. Be2 e5 7. Nb3 Be7 8. 0-0 0-0 9. Be3 Be6 10. Bf3 a5 11. a4 Nb4 12. Qd2 d5 13. exd5 Nfxd5 14. Nxd5 Bxd5 15. Bxd5 Qxd5 16. Qxd5 Nxd5 17. Rfe1 f6 18. c3 Rfd8 19. g3 Kf7 20. Kf1 Ra6 21. Rab1 Ke6 22. Bc5 b6 23. Bxe7 Nxe7 24. Nd4+ Kd5 25. Nb5 Kc6 26. Re4 Raa8 27. Rc4+ Kd5 28. b3 Rac8 29. Rxc8 Rxc8 30. Rd1+ Kc5 31. Rd7 Re8 32. Rc7+ Kd5 33. c4+ Ke6 34. Rb7 Nf5 35. Nc7+ Kd7 36. Nxe8+ Kxe8 37. Rxb6 Kf8 38. b4 Kg8 39. bxa5 Kh8 40. Rb8# 1-0

[Event "Mittelrhein Verbandsliga-W 16/17"]
[Site "Nordrheinwestfalen"]
[Date "2016.12.18"]
[Round "5.5"]
[White "Kiehn, Andreas"]
[Black "Schulten, Berthold"]
[Result "1/2-1/2"]
[WhiteElo "1756"]
[BlackElo "1931"]
[PlyCount "44"]
[EventDate "2016.09.11"]
[EventType "team-tourn"]
[EventRounds "11"]
[EventCountry "GER"]
[SourceTitle "EXT 2022"]
[Source "ChessBase"]
[SourceDate "2021.10.06"]
[SourceVersion "1"]
[SourceVersionDate "2021.10.06"]
[SourceQuality "1"]
[WhiteTeam "Pulheim"]
[BlackTeam "Aachen PTSV"]
[WhiteTeamCountry "GER"]
[BlackTeamCountry "GER"]

1. d4 Nf6 2. c4 g6 3. Nc3 Bg7 4. e4 d6 5. Be2 0-0 6. Bg5 h6 7. Be3 e5 8. d5 Na6 9. Qd2 Kh7 10. f3 Nc5 11. b4 Ncd7 12. Nh3 a5 13. b5 b6 14. Nf2 Nc5 15. Nd3 Nfd7 16. g4 Nxd3+ 17. Bxd3 Nc5 18. Bxc5 dxc5 19. 0-0-0 Qd6 20. h4 Bd7 21. h5 g5 22. a4 Kg8 1/2-1/2

[Event "Mittelrhein Verbandsliga-W 16/17"]
[Site "Nordrheinwestfalen"]
[Date "2016.10.02"]
[Round "2.5"]
[White "Wuerzberg, Peter"]
[Black "Kiehn, Andreas"]
[Result "0-1"]
[WhiteElo "1724"]
[BlackElo "1756"]
[PlyCount "174"]
[EventDate "2016.09.11"]
[EventType "team-tourn"]
[EventRounds "11"]
[EventCountry "GER"]
[SourceTitle "EXT 2022"]
[Source "ChessBase"]
[SourceDate "2021.10.06"]
[SourceVersion "1"]
[SourceVersionDate "2021.10.06"]
[SourceQuality "1"]
[WhiteTeam "Eilendorf Arminia"]
[BlackTeam "Pulheim"]
[WhiteTeamCountry "GER"]
[BlackTeamCountry "GER"]

1. c4 f5 2. f4 b6 3. Nf3 Bb7 4. Nc3 Nf6 5. d3 e6 6. e3 d6 7. Be2 Nc6 8. 0-0 Qd7 9. e4 fxe4 10. dxe4 0-0-0 11. a4 d5 12. Ne5 Nxe5 13. fxe5 Bc5+ 14. Kh1 Nxe4 15. Nxe4 dxe4 16. Bg5 Qxd1 17. Bxd1 Rde8 18. Bg4 h6 19. Bd2 Bd4 20. Bc3 Bxc3 21. bxc3 h5 22. Be2 Ref8 23. Rxf8+ Rxf8 24. Bxh5 Rf5 25. Bg4 Rxe5 26. a5 bxa5 27. Rf1 e3 28. Re1 Kd7 29. h3 Ba6 30. Be2 Kd6 31. c5+ Rxc5 32. Bxa6 Rxc3 33. Ra1 c5 34. Kg1 c4 35. Kf1 Rc2 36. Re1 Rc3 37. Ke2 a4 38. h4 Ke5 39. Ra1 a3 40. Bxc4 Rxc4 41. Rxa3 Rc2+ 42. Kxe3 Rxg2 43. Ra5+ Kf6 44. Kf3 Rb2 45. Rxa7 Rb4 46. Kg3 g6 47. Ra5 e5 48. Ra8 Rb7 49. Kg4 Re7 50. Ra3 Re6 51. Rf3+ Ke7 52. Ra3 Kd6 53. Ra6+ Kd5 54. Ra5+ Kc4 55. Ra4+ Kb5 56. Re4 Kc6 57. Kf3 Rf6+ 58. Ke3 Kd5 59. Ra4 Ke6 60. Rg4 Kd5 61. Ra4 Rb6 62. Ra5+ Ke6 63. Ra4 Kf5 64. Rc4 Rb3+ 65. Kf2 Rd3 66. Rc8 Kg4 67. Re8 Rf3+ 68. Ke2 Rf5 69. Re6 Kh5 70. Ke3 Kh6 71. Ke4 Rf4+ 72. Ke3 Rf5 73. Ke4 Kh5 74. Ra6 Rf4+ 75. Kxe5 Rxh4 76. Ra8 g5 77. Rh8+ Kg4 78. Ra8 Rh1 79. Ra4+ Kh5 80. Ra8 Rf1 81. Ra4 g4 82. Ke4 g3 83. Ra8 g2 84. Rh8+ Kg4 85. Rg8+ Kh3 86. Rh8+ Kg3 87. Rg8+ Kf2 0-1

[Event "Cologne Longerich op-A 13th"]
[Site "Cologne"]
[Date "2016.08.13"]
[Round "3"]
[White "Kiehn, Andreas"]
[Black "Baltic, Fatih"]
[Result "0-1"]
[WhiteElo "1926"]
[BlackElo "2103"]
[PlyCount "86"]
[EventDate "2016.08.12"]
[EventType "swiss"]
[EventRounds "5"]
[EventCountry "GER"]
[SourceTitle "EXT 2022"]
[Source "ChessBase"]
[SourceDate "2021.10.06"]
[SourceVersion "1"]
[SourceVersionDate "2021.10.06"]
[SourceQuality "1"]

1. d4 Nf6 2. c4 e6 3. g3 Bb4+ 4. Bd2 Qe7 5. Bg2 Bxd2+ 6. Qxd2 Nc6 7. Nc3 e5 8. d5 Nb8 9. d6 Qxd6 10. Qxd6 cxd6 11. Nb5 Kd8 12. Nxd6 Rf8 13. Nxb7+ Kc7 14. Nd6 Nc6 15. 0-0-0 Rb8 16. Nh3 h6 17. Nb5+ Kb6 18. e4 Ba6 19. Nd6 Kc7 20. b3 g6 21. f4 Ne8 22. Nxe8+ Rfxe8 23. Rd2 d6 24. Rhd1 Rbd8 25. Nf2 Re7 26. Ng4 Bb7 27. Nxh6 Bc8 28. f5 Rh8 29. Ng4 gxf5 30. exf5 Bxf5 31. Ne3 Be6 32. Bxc6 Kxc6 33. Rxd6+ Kc7 34. R1d2 Rxh2 35. Rxh2 Kxd6 36. Rh6 Kc5 37. g4 Rd7 38. g5 Rd3 39. Nc2 Rg3 40. Rh5 Bf5 41. g6 fxg6 42. Rh2 Rc3 43. Re2 Rxc2+ 0-1

[Event "Cologne Longerich op-A 13th"]
[Site "Cologne"]
[Date "2016.08.12"]
[Round "1"]
[White "Kiehn, Andreas"]
[Black "Schmidt, Bodo1111"]
[Result "1/2-1/2"]
[WhiteElo "1926"]
[BlackElo "1811"]
[PlyCount "85"]
[EventDate "2016.08.12"]
[EventType "swiss"]
[EventRounds "5"]
[EventCountry "GER"]
[SourceTitle "EXT 2022"]
[Source "ChessBase"]
[SourceDate "2021.10.06"]
[SourceVersion "1"]
[SourceVersionDate "2021.10.06"]
[SourceQuality "1"]

1. d4 Nf6 2. c4 d5 3. cxd5 Nxd5 4. Nf3 e6 5. g3 Bb4+ 6. Bd2 Bxd2+ 7. Qxd2 b6 8. Bg2 Bb7 9. 0-0 0-0 10. Re1 Nd7 11. e4 Ne7 12. Nc3 Nf6 13. Rac1 Rc8 14. Ng5 c5 15. e5 Bxg2 16. exf6 gxf6 17. Kxg2 fxg5 18. Qxg5+ Ng6 19. Qxd8 Rfxd8 20. dxc5 Rxc5 21. Rcd1 Rxd1 22. Rxd1 Rc7 23. f4 Kg7 24. Kf3 h5 25. Rd2 e5 26. Nb5 Rc5 27. Nxa7 exf4 28. gxf4 Ra5 29. Nc8 Rxa2 30. Nxb6 Ra5 31. b4 Rb5 32. Nd5 Nh4+ 33. Ke4 f5+ 34. Kd4 Nf3+ 35. Kc4 Rxb4+ 36. Kxb4 Nxd2 37. Ne3 Kf6 38. Kc5 Nf3 39. Kd6 Nxh2 40. Nd5+ Kf7 41. Ke5 h4 42. Kxf5 h3 43. Ne3 1/2-1/2

[Event "Dortmund Sparkassen op-A 44th"]
[Site "Dortmund"]
[Date "2016.07.14"]
[Round "6"]
[White "Brockhaus, Philip"]
[Black "Kiehn, Andreas"]
[Result "1-0"]
[WhiteElo "1881"]
[BlackElo "1926"]
[PlyCount "29"]
[EventDate "2016.07.09"]
[EventType "swiss"]
[EventRounds "9"]
[EventCountry "GER"]
[SourceTitle "CBM 173 Extra"]
[Source "ChessBase"]
[SourceDate "2016.08.29"]
[SourceVersion "1"]
[SourceVersionDate "2016.08.29"]
[SourceQuality "1"]

1. d4 Nf6 2. Nf3 e6 3. c4 b6 4. a3 Bb7 5. Nc3 d5 6. cxd5 Nxd5 7. Qc2 Be7 8. e4 Nxc3 9. bxc3 Nd7 10. Bd3 c5 11. 0-0 Qc7 12. Qe2 0-0 13. Bb2 Rac8 14. e5 Rfd8 15. Rad1 1-0

[Event "Dortmund Sparkassen op-A 44th"]
[Site "Dortmund"]
[Date "2016.07.11"]
[Round "3"]
[White "Rott, Georg"]
[Black "Kiehn, Andreas"]
[Result "1-0"]
[WhiteElo "2139"]
[BlackElo "1926"]
[PlyCount "53"]
[EventDate "2016.07.09"]
[EventType "swiss"]
[EventRounds "9"]
[EventCountry "GER"]
[SourceTitle "CBM 173 Extra"]
[Source "ChessBase"]
[SourceDate "2016.08.29"]
[SourceVersion "1"]
[SourceVersionDate "2016.08.29"]
[SourceQuality "1"]

1. e4 c6 2. d4 d5 3. e5 Bf5 4. Nf3 e6 5. Be2 c5 6. Be3 Qb6 7. Nc3 Qxb2 8. Nb5 c4 9. Nc7+ Kd7 10. Nxa8 Bxc2 11. Qc1 Bb4+ 12. Bd2 c3 13. Bd3 Ba3 14. 0-0 Nc6 15. Qe1 Nge7 16. Rd1 Bb4 17. Rc1 Qxa2 18. Bb5 h6 19. Ra1 Qb3 20. Rxa7 Bd3 21. Rxb7+ Kc8 22. Bxc6 Nxc6 23. Rc7+ Kb8 24. Rxc6 Kxa8 25. Rc7 c2 26. Qa1+ Ba3 27. Rc3 1-0

[Event "Mittelrhein Verbandsliga-W 15/16"]
[Site "Nordrheinwestfalen"]
[Date "2016.01.10"]
[Round "6.7"]
[White "Luedtke, Wolfgang"]
[Black "Kiehn, Andreas"]
[Result "1/2-1/2"]
[WhiteElo "1616"]
[BlackElo "1839"]
[PlyCount "31"]
[EventDate "2015.09.06"]
[EventType "team-tourn"]
[EventRounds "11"]
[EventCountry "GER"]
[SourceTitle "EXT 2022"]
[Source "ChessBase"]
[SourceDate "2021.10.06"]
[SourceVersion "1"]
[SourceVersionDate "2021.10.06"]
[SourceQuality "1"]
[WhiteTeam "Bruehl II"]
[BlackTeam "Pulheim"]
[WhiteTeamCountry "GER"]
[BlackTeamCountry "GER"]

1. e4 c5 2. Nf3 d6 3. b3 Nf6 4. e5 dxe5 5. Nxe5 Qd4 6. Bb5+ Nbd7 7. Nxd7 Qe4+ 8. Qe2 Bxd7 9. Bxd7+ Kxd7 10. Qxe4 Nxe4 11. d3 Nd6 12. Nc3 g6 13. Rb1 Bg7 14. Ne4 Kc6 15. Nxd6 exd6 16. Bb2 1/2-1/2

[Event "Mittelrhein Verbandsliga-W 15/16"]
[Site "Nordrheinwestfalen"]
[Date "2015.12.13"]
[Round "5.7"]
[White "Kiehn, Andreas"]
[Black "Bauchmueller, Franz Josef"]
[Result "1-0"]
[WhiteElo "1815"]
[BlackElo "1528"]
[PlyCount "83"]
[EventDate "2015.09.06"]
[EventType "team-tourn"]
[EventRounds "11"]
[EventCountry "GER"]
[SourceTitle "EXT 2022"]
[Source "ChessBase"]
[SourceDate "2021.10.06"]
[SourceVersion "1"]
[SourceVersionDate "2021.10.06"]
[SourceQuality "1"]
[WhiteTeam "Pulheim"]
[BlackTeam "Dueren Derichsweiler"]
[WhiteTeamCountry "GER"]
[BlackTeamCountry "GER"]

1. d4 f5 2. c4 Nf6 3. g3 g6 4. Bg2 Bg7 5. Nc3 0-0 6. Bf4 c6 7. Qd2 d6 8. Bh6 Bxh6 9. Qxh6 Qb6 10. Qd2 e5 11. 0-0-0 Be6 12. d5 cxd5 13. Bxd5 Bxd5 14. Nxd5 Qc5 15. Nxf6+ Rxf6 16. Qd5+ Qxd5 17. Rxd5 Nc6 18. Nf3 Nb4 19. Rb5 a5 20. a3 Nc6 21. Rxb7 e4 22. Rc7 exf3 23. Rxc6 fxe2 24. Re1 Re6 25. c5 Rd8 26. Kc2 Kf7 27. Rxd6 Rexd6 28. cxd6 Rxd6 29. Rxe2 Rd5 30. Kb3 g5 31. Kc4 Rd7 32. b4 axb4 33. axb4 h5 34. b5 g4 35. b6 Rd1 36. Rb2 Rd8 37. b7 Rb8 38. Kd5 Kf6 39. Kc6 Kg5 40. Kc7 Rf8 41. b8Q Rxb8 42. Rxb8 1-0

[Event "Moehnesee Cup-A 37th"]
[Site "Moehnesee"]
[Date "2011.09.04"]
[Round "7"]
[White "Kiehn, Andreas"]
[Black "Dyballa, Gerhard"]
[Result "1/2-1/2"]
[WhiteElo "1929"]
[BlackElo "1997"]
[PlyCount "31"]
[EventDate "2011.09.01"]
[EventType "swiss"]
[EventRounds "7"]
[EventCountry "GER"]
[SourceTitle "EXT 2013"]
[Source "ChessBase"]
[SourceDate "2012.11.22"]
[SourceVersion "1"]
[SourceVersionDate "2012.11.22"]
[SourceQuality "1"]

1. d4 Nf6 2. c4 e5 3. dxe5 Ng4 4. Nf3 Bc5 5. e3 Nc6 6. Bd2 Ngxe5 7. Be2 a5 8. Nxe5 Nxe5 9. Bc3 Qe7 10. 0-0 0-0 11. Nd2 Ra6 12. Nf3 Nxf3+ 13. Bxf3 Rh6 14. Re1 Re8 15. g3 Bb4 16. Qc2 1/2-1/2

[Event "Moehnesee Cup-A 37th"]
[Site "Moehnesee"]
[Date "2011.09.03"]
[Round "5"]
[White "Heinichen, Nils"]
[Black "Kiehn, Andreas"]
[Result "1/2-1/2"]
[WhiteElo "2057"]
[BlackElo "1929"]
[PlyCount "56"]
[EventDate "2011.09.01"]
[EventType "swiss"]
[EventRounds "7"]
[EventCountry "GER"]
[SourceTitle "EXT 2013"]
[Source "ChessBase"]
[SourceDate "2012.11.22"]
[SourceVersion "1"]
[SourceVersionDate "2012.11.22"]
[SourceQuality "1"]

1. d4 Nf6 2. Nf3 e6 3. c4 b6 4. g3 Ba6 5. b3 Bb4+ 6. Bd2 Be7 7. Nc3 d5 8. Bg2 c6 9. Ne5 Nfd7 10. cxd5 Nxe5 11. dxe5 cxd5 12. 0-0 Nd7 13. f4 Rc8 14. Re1 0-0 15. a3 Qc7 16. b4 Bc4 17. Rc1 a5 18. Nb5 Qb7 19. Nd4 axb4 20. axb4 b5 21. e3 Nb8 22. Qg4 Nc6 23. Nxc6 Qxc6 24. e4 Qb6+ 25. Kh1 dxe4 26. Bxe4 Rfd8 27. Be3 Qb8 28. Ra1 Bd5 1/2-1/2

[Event "Moehnesee Cup-A 37th"]
[Site "Moehnesee"]
[Date "2011.09.02"]
[Round "3"]
[White "Kiehn, Andreas"]
[Black "Ruerup, Hans Heinz"]
[Result "1-0"]
[WhiteElo "1929"]
[BlackElo "2034"]
[PlyCount "59"]
[EventDate "2011.09.01"]
[EventType "swiss"]
[EventRounds "7"]
[EventCountry "GER"]
[SourceTitle "EXT 2013"]
[Source "ChessBase"]
[SourceDate "2012.11.22"]
[SourceVersion "1"]
[SourceVersionDate "2012.11.22"]
[SourceQuality "1"]

1. d4 d5 2. c4 c6 3. Nf3 Nf6 4. Nc3 dxc4 5. a4 Bf5 6. Ne5 Nbd7 7. Nxc4 Nb6 8. Ne5 a5 9. f3 Nfd7 10. Nxd7 Qxd7 11. e4 Bg6 12. Be3 Nc8 13. d5 e5 14. dxc6 Qxd1+ 15. Rxd1 bxc6 16. Kd2 Bb4 17. Kc2 0-0 18. Rd7 Rb8 19. Rc7 Nd6 20. Rxc6 f5 21. Nd5 Be8 22. Ra6 Bxa4+ 23. b3 Rfc8+ 24. Kb2 Bc3+ 25. Ka3 Bb5 26. Rxd6 Be8 27. Ne7+ Kh8 28. Nxc8 Rxc8 29. Ka2 a4 30. Bc4 1-0

[Event "Dortmund op-B"]
[Site "Dortmund"]
[Date "2009.07.12"]
[Round "9"]
[White "Kiehn, Andreas"]
[Black "Meyer, Gerd"]
[Result "0-1"]
[WhiteElo "1630"]
[BlackElo "2102"]
[PlyCount "64"]
[EventDate "2009.07.04"]
[EventType "swiss"]
[EventRounds "9"]
[EventCountry "GER"]
[SourceTitle "EXT 2012"]
[Source "ChessBase"]
[SourceDate "2011.11.24"]
[SourceVersion "1"]
[SourceVersionDate "2011.11.24"]
[SourceQuality "1"]

1. d4 d5 2. c4 e6 3. Nc3 c5 4. cxd5 exd5 5. Nf3 Nc6 6. Bf4 a6 7. a4 Bf5 8. e3 Nb4 9. Rc1 Nf6 10. Be2 Be7 11. 0-0 0-0 12. dxc5 Rc8 13. Nd4 Bg6 14. Bf3 Nd3 15. Ra1 Bxc5 16. Bg5 Nxb2 17. Qb3 Nc4 18. Bxf6 gxf6 19. Rfd1 Na5 20. Qb2 Qd6 21. Nxd5 Qe5 22. Qa2 Bd6 23. g3 Rc5 24. Rac1 Rfc8 25. Rxc5 Rxc5 26. Nb3 Rc2 27. Qb1 Rb2 28. Qxb2 Qxb2 29. Nxa5 Bc2 30. Rd2 Qc1+ 31. Rd1 Bxd1 32. Nxf6+ Kg7 0-1

[Event "Dortmund op-B"]
[Site "Dortmund"]
[Date "2009.07.08"]
[Round "5"]
[White "Goldbeck, Daniel Ernst"]
[Black "Kiehn, Andreas"]
[Result "0-1"]
[WhiteElo "1464"]
[BlackElo "1630"]
[PlyCount "106"]
[EventDate "2009.07.04"]
[EventType "swiss"]
[EventRounds "9"]
[EventCountry "GER"]
[SourceTitle "EXT 2012"]
[Source "ChessBase"]
[SourceDate "2011.11.24"]
[SourceVersion "1"]
[SourceVersionDate "2011.11.24"]
[SourceQuality "1"]

1. Nf3 Nf6 2. Nc3 d5 3. d4 Bf5 4. Bf4 c6 5. e3 e6 6. Be2 Bd6 7. Ne5 Qc7 8. h4 h5 9. f3 Nbd7 10. Nd3 e5 11. dxe5 Nxe5 12. Nxe5 Bxe5 13. Bxe5 Qxe5 14. Kf2 Rh6 15. Qd4 Qxd4 16. exd4 Bxc2 17. Rhe1 Kf8 18. b4 Re8 19. b5 Nd7 20. Rac1 Bf5 21. Na4 Rhe6 22. g4 hxg4 23. fxg4 Bh7 24. bxc6 bxc6 25. Nc5 Nxc5 26. dxc5 Rb8 27. Rc3 Rb2 28. Ra3 Re7 29. Ra6 Bd3 30. Rxc6 Rexe2+ 31. Rxe2 Bxe2 32. Ke3 Bb5 33. Rd6 Rxa2 34. c6 Ke7 35. c7 Bd7 36. Rc6 Bc8 37. Kd4 Kd7 38. Rc5 Ra6 39. Kxd5 Rd6+ 40. Ke5 Rc6 41. Rxc6 Kxc6 42. g5 a5 43. h5 a4 44. Kd4 Kxc7 45. h6 gxh6 46. gxh6 a3 47. Kc3 Bf5 48. Kb3 Kd6 49. Kxa3 Ke6 50. Kb4 Kf6 51. Kc5 Kg6 52. Kd5 Kxh6 53. Ke5 Kg5 0-1

[Event "Dortmund op-B"]
[Site "Dortmund"]
[Date "2009.07.05"]
[Round "2"]
[White "Kiehn, Andreas"]
[Black "Coenen, Siegfried"]
[Result "1/2-1/2"]
[WhiteElo "1630"]
[BlackElo "2007"]
[PlyCount "125"]
[EventDate "2009.07.04"]
[EventType "swiss"]
[EventRounds "9"]
[EventCountry "GER"]
[SourceTitle "EXT 2012"]
[Source "ChessBase"]
[SourceDate "2011.11.24"]
[SourceVersion "1"]
[SourceVersionDate "2011.11.24"]
[SourceQuality "1"]

1. d4 Nf6 2. c4 e6 3. g3 d5 4. Bg2 c6 5. Nf3 Nbd7 6. 0-0 dxc4 7. Qc2 b5 8. Ne5 Nxe5 9. dxe5 Nd5 10. Rd1 Qc7 11. Qe4 Bb7 12. a4 a6 13. axb5 axb5 14. Rxa8+ Bxa8 15. Qd4 Be7 16. Nc3 0-0 17. Nxd5 cxd5 18. Be3 Rc8 19. Ra1 Qb8 20. Qa7 Kf8 21. Qxb8 Rxb8 22. Ra7 Ke8 23. Kf1 Kd8 24. Ke1 Bc6 25. Kd2 Ra8 26. Bb6+ Ke8 27. Rxa8+ Bxa8 28. Kc2 Kd7 29. Bd4 Kc6 30. f4 b4 31. e3 Kb5 32. Bf3 Bc6 33. b3 Bc5 34. Be2 Be8 35. Bh5 Kb6 36. h4 h6 37. Kb2 Bxd4+ 38. exd4 c3+ 39. Kc2 Kc7 40. Bf3 Bb5 41. Bh5 f6 42. Bg6 Kd7 43. g4 Be2 44. g5 fxe5 45. fxe5 Bg4 46. Kc1 Ke7 47. Bc2 hxg5 48. hxg5 Kf7 49. g6+ Ke7 50. Bd3 Bf5 51. Bc2 Bg4 52. Bd3 Kd7 53. Bb5+ Kc7 54. Bd3 Kb6 55. Bc2 Be2 56. Bd1 Bd3 57. Bc2 Be4 58. Bb1 Kc7 59. Bc2 Kd7 60. Bb1 Ke7 61. Bc2 Bxg6 62. Bxg6 Kf8 63. Kc2 1/2-1/2